Nők helyzete a munkaerőpiacon az Európai Unió normái és irányelvei tükrében

Elmentve itt :
Bibliográfiai részletek
Szerző: Kósa Éva
További közreműködők: Sallai Miklós (Témavezető)
Dokumentumtípus: Szakdolgozat
Megjelent: 2000
Tárgyszavak:
Online Access:http://diploma.bibl.u-szeged.hu/26095
LEADER 00580nta a2200157 i 4500
001 dipl26095
005 20130314083906.0
008 111104s2000 hu om 0|| zxx d
040 |a SZTE Diploma Repozitórium  |b hun 
041 |a zxx 
100 1 |a Kósa Éva 
245 1 0 |a Nők helyzete a munkaerőpiacon az Európai Unió normái és irányelvei tükrében  |h [elektronikus dokumentum] /  |c Éva Kósa 
260 |c 2000 
650 4 |a Jogi és igazgatási tanulmányok 
700 1 |a Sallai Miklós  |e ths 
856 4 0 |u http://diploma.bibl.u-szeged.hu/id/eprint/26095/1/2000_kosa_eva.pdf  |z Dokumentum-elérés